00455nam a2200133Ia 4500008004100000041000800041082001500049100001700064245004500081260004100126300003100167999001700198952010600215240624s9999 xx 000 0 und d aeng a658.8 WER  aWERTIME KENT aDIGIMARKETING THE ESSENTIAL GUIDE TO NEW c2008aSingaporebJohn Wiley and Sons axiv, , 406 , 24 , p. : cm. c31760d31760 00104070aIMTNbIMTNcRack 36-Ad2019-05-15o658.8 WER p31760r2024-06-24 00:00:00w2024-06-24yBK